000 00546nam a22001937a 4500
003 KOHA_MİRAKIL
005 20251013110032.0
008 251013b tu ||||| |||| 00| 0 tur d
020 _a9789756186220
040 _aTR-AnABB
_btur
_cTR-AnABB
041 _atur
082 _a811.009
_bKAB 2006
100 1 _aKabaklı, Ahmet,
245 1 0 _aTasavvuf tarikat edebiyat /
_cAhmet Kabaklı
260 _aİstanbul :
_bTürk Edebiyatı Vakfı Yayınları,
_c2006
300 _a264 sayfa ;
_c22 cm
650 0 0 _aTasavvuf
942 _2ddc
_cBK
999 _c9132
_d9132
900 _bGizem YORULMAZ